Statistics for Top 100 Girls' Names England & Wales 2018

Click here to take the quiz!

General Stats

  • This quiz has been taken 442 times
  • The average score is 54 of 100

Answer Stats

#First LetterName% Correct
1OOlivia
96%
5EEmily
87%
56EEmma
87%
39EEliza
81%
85AAnna
80%
12CCharlotte
80%
29SSofia
80%
8SSophia
80%
9EElla
79%
2AAmelia
78%
3AAva
78%
67LLilly
78%
13LLily
78%
47EElizabeth
76%
10GGrace
76%
7IIsabella
76%
6MMia
76%
4IIsla
75%
17SSophie
75%
24AAlice
74%
61LLucy
74%
60EEllie
73%
33EEva
72%
62HHannah
72%
11PPoppy
72%
98SSara
72%
25JJessica
70%
55RRose
69%
96ZZoe
67%
36CChloe
66%
14IIvy
66%
58MMolly
65%
32RRuby
65%
77AAbigail
64%
16EEvie
64%
15FFlorence
63%
53VViolet
63%
82IIris
61%
68ZZara
61%
28DDaisy
60%
51EEleanor
60%
40MMillie
59%
19EEvelyn
58%
21PPhoebe
58%
26RRosie
58%
20WWillow
58%
18FFreya
57%
57HHolly
57%
41IImogen
57%
30IIsabelle
56%
66MMaria
55%
48PPenelope
55%
22EElsie
54%
50EErin
54%
71GGeorgia
53%
35SScarlett
52%
44LLayla
51%
46MMaisie
51%
54BBella
50%
45HHarriet
50%
37MMaya
50%
38EEsme
49%
42AAria
47%
31MMatilda
47%
52LLola
46%
70AAmber
45%
23SSienna
45%
75JJasmine
44%
73GGracie
42%
27HHarper
42%
76AAnnabelle
41%
91EEdith
41%
89CClara
40%
43LLuna
39%
94MMartha
39%
49MMila
39%
87OOrla
38%
78DDarcie
37%
93FFrancesca
36%
86HHeidi
36%
64NNancy
36%
59TThea
35%
80AAmelie
34%
34EEmilia
32%
100FFelicity
31%
74SSummer
31%
65AAda
30%
69AAurora
29%
63LLottie
29%
84BBeatrice
28%
90DDelilah
25%
72RRobyn
24%
81BBonnie
21%
97LLyla
21%
92AAisha
19%
88AAnnabella
18%
79HHallie
18%
99MMargot
17%
83MMaryam
17%
95AAyla
14%

Score Distribution

Percentile by Number Answered

Percent of People with Each Score

Your Score History

You have not taken this quiz